| 000 | 00000nam 2200000za 4500 |
| 001 | 9.571464 |
| 003 | CaOODSP |
| 005 | 20240212132528 |
| 007 | cr ||||||||||| |
| 008 | 150406|2010||||xxc|||||o f|0| 0 eng d |
| 022 | |a1917-506X |
| 040 | |aCaOODSP|beng |
| 043 | |an-cn--- |
| 086 | 1 |aNE4-2/8-2010E-PDF |
| 110 | 1 |aCanada. |bNational Energy Board. |
| 245 | 10|aNatural gas supply costs in Western Canada in 2009 |h[electronic resource] |
| 260 | |aCalgary - Alberta : |bNational Energy Board |cNovember 2010. |
| 300 | |a51p.|bgraphs, maps, tables |
| 490 | 1 |aEnergy briefing note |x1917-506X |
| 590 | |a11-34|b2011-08-26 |
| 775 | 08|tCoûts de l'offre gazière dans l'Ouest canadien en 2009 |w(CaOODSP)9.602065 |
| 795 | |tNatural gas supply costs in Western Canada in 2007.|w(CaOODSP)9.933784 |
| 830 | #0|aEnergy briefing note,|x1917-506X|w(CaOODSP)9.506460 |
| 856 | 40|qPDF|s3848 KB|uhttps://publications.gc.ca/collections/collection_2011/one-neb/NE4-2-8-2010-eng.pdf |